| 000 | 01027pam a2200301 a 4500 | ||
|---|---|---|---|
| 001 | 571 | ||
| 005 | 20250521104434.0 | ||
| 020 | _a0060264497 | ||
| 020 | _a0060264527 (lib. bdg.) | ||
| 020 | _a9780590098366 | ||
| 040 |
_aDLC _cDLC _dDLC _beng |
||
| 050 | 0 | 0 |
_aPZ7.B9836 _bTo 1996 |
| 082 | 0 | 0 |
_a[Fic] _220 |
| 100 | 1 | _aByars, Betsy Cromer. | |
| 245 | 1 | 0 |
_aTornado / _cby Betsy Byars ; illustrations by Doron Ben-Ami. |
| 250 | _aFirst Scholastic printing, March 1997 | ||
| 260 |
_aNew York : _bScholastic. _c1996 |
||
| 300 |
_a49 pages : _billustrations ; _c20 cm |
||
| 505 | _aP | ||
| 520 | _aAs they wait out a tornado in their storm cellar, a family listens to their farmhand tell stories about the dog that was blown into his life by another tornado when he was a boy. | ||
| 521 |
_a610
_bLexile |
||
| 521 |
_aP
_bRaz-Plus |
||
| 650 | 1 |
_aDogs _xFiction. |
|
| 650 | 1 |
_aTornadoes _xFiction. |
|
| 700 | 1 |
_aBen-Ami, Doron, _eillustrator |
|
| 906 |
_a7 _bcbc _corignew _d1 _eocip _f19 _gy-gencatlg |
||
| 942 |
_2ddc _cBK _n0 |
||
| 999 |
_c571 _d571 |
||